<?xml version="1.0" encoding="UTF-8"?>
<record
    xmlns:xsi="http://www.w3.org/2001/XMLSchema-instance"
    xsi:schemaLocation="http://www.loc.gov/MARC21/slim http://www.loc.gov/standards/marcxml/schema/MARC21slim.xsd"
    xmlns="http://www.loc.gov/MARC21/slim">

  <leader>02375nam a2200289 a 4500</leader>
  <controlfield tag="001"> </controlfield>
  <controlfield tag="003">DO-SdBNP</controlfield>
  <controlfield tag="005">20220404085549.0</controlfield>
  <controlfield tag="008">090630s1989    dr c          001 0 spa d</controlfield>
  <datafield tag="040" ind1=" " ind2=" ">
    <subfield code="a">DO-SdBNP</subfield>
    <subfield code="b">spa</subfield>
    <subfield code="c">BPMSU </subfield>
  </datafield>
  <datafield tag="082" ind1=" " ind2=" ">
    <subfield code="a">332.12097293</subfield>
    <subfield code="b">M938p 1989</subfield>
    <subfield code="2">22</subfield>
  </datafield>
  <datafield tag="100" ind1="1" ind2=" ">
    <subfield code="a">Moya Pons, Frank,</subfield>
    <subfield code="d">1944-</subfield>
  </datafield>
  <datafield tag="245" ind1="1" ind2="0">
    <subfield code="a">Pioneros de la banca dominicana :</subfield>
    <subfield code="b">una historia institucional del Banco Popular Dominicano y del Grupo Financiero Popular /</subfield>
    <subfield code="c">Frank Moya Pons.</subfield>
  </datafield>
  <datafield tag="260" ind1=" " ind2=" ">
    <subfield code="a">Santo Domingo :</subfield>
    <subfield code="b">Grupo Financiero Popular,</subfield>
    <subfield code="c">1989.</subfield>
  </datafield>
  <datafield tag="300" ind1=" " ind2=" ">
    <subfield code="a">406 p. :</subfield>
    <subfield code="b">retr. ;</subfield>
    <subfield code="c">23 cm.</subfield>
  </datafield>
  <datafield tag="500" ind1=" " ind2=" ">
    <subfield code="a">Incluye referencias bibliogr&#xE1;ficas y notas al pie de las p&#xE1;ginas.</subfield>
  </datafield>
  <datafield tag="500" ind1=" " ind2=" ">
    <subfield code="a">Incluye &#xED;ndice</subfield>
  </datafield>
  <datafield tag="505" ind1="0" ind2=" ">
    <subfield code="t">Introducci&#xF3;n --</subfield>
    <subfield code="g">Cap&#xED;tulo uno: Los or&#xED;genes del Banco Popular Dominicano 1954-1965 --</subfield>
    <subfield code="t">Una an&#xE9;ctoda necesaria ;</subfield>
    <subfield code="t">El fin de la dictadura de Trujillo ;</subfield>
    <subfield code="t">La Asociaci&#xF3;n para el Desarrollo, Inc. ;</subfield>
    <subfield code="t">La Fundaci&#xF3;n del Banco Popular Dominicano ;</subfield>
    <subfield code="t">Las primeras operaciones del Banco Popular Dominicano --</subfield>
    <subfield code="g">Cap&#xED;tulo dos: El crecimiento del Banco Popular Dominicano 1965-1974 --</subfield>
    <subfield code="t">La crisis econ&#xF3;mica y la guerra civil ;</subfield>
    <subfield code="t">El nuevo escenario econ&#xF3;mico ;</subfield>
    <subfield code="t">Las operaciones del Banco Popular Dominicano ;</subfield>
    <subfield code="t">Nuevos negocios del Banco Popular Dominicano ;</subfield>
    <subfield code="t">Los or&#xED;genes de la Tenedora Popular, S.A. ;</subfield>
    <subfield code="g">Cap&#xED;tulo tres: La consolidaci&#xF3;n de Banco Popular Dominicano 1975-1981 --</subfield>
    <subfield code="t">El desarrollo de la Tenedora Popular, S.A. ;</subfield>
    <subfield code="t">Iniciativas y negocios del Banco Popular Dominicano ;</subfield>
    <subfield code="t">Tensiones de crecimiento y liquidez ;</subfield>
    <subfield code="t">Crisis interna en el Banco Popular Dominicano ;</subfield>
    <subfield code="g">Cap&#xED;tulo cuatro: Institucionalizaci&#xF3;n del Grupo Financiero Popular 1979-1986 --</subfield>
    <subfield code="t">Supervivencia, crecimiento y escasez de divisas ;</subfield>
    <subfield code="t">La internacionalizaci&#xF3;n del Grupo Financiero Popular ;</subfield>
    <subfield code="g">Ep&#xED;logo --</subfield>
    <subfield code="g">Ap&#xE9;ndice uno: Dos discurso institucionales --</subfield>
    <subfield code="t">El Banco Popular Dominicano. 1971 --</subfield>
    <subfield code="t">El Banco Popular Dominicano y el Grupo Financiero Popular. 1988 --</subfield>
    <subfield code="g">Ap&#xE9;ndice dos: Tablas y gr&#xE1;ficos --</subfield>
    <subfield code="g">Ap&#xE9;ndice tres: Fotograf&#xED;as --</subfield>
    <subfield code="g">&#xCD;ndice</subfield>
  </datafield>
  <datafield tag="590" ind1=" " ind2=" ">
    <subfield code="a">Inventariado, 2022/VM</subfield>
  </datafield>
  <datafield tag="610" ind1="1" ind2="0">
    <subfield code="a">Banco Popular Dominicano</subfield>
    <subfield code="x">Historia</subfield>
  </datafield>
  <datafield tag="610" ind1="1" ind2="0">
    <subfield code="a">Grupo Financiero Popular</subfield>
    <subfield code="x">Historia</subfield>
  </datafield>
  <datafield tag="650" ind1=" " ind2="4">
    <subfield code="a">Bancos</subfield>
    <subfield code="z">Rep&#xFA;blica Dominicana</subfield>
  </datafield>
  <datafield tag="650" ind1=" " ind2="4">
    <subfield code="a">Instituciones financieras</subfield>
    <subfield code="z">Rep&#xFA;blica Dominicana</subfield>
    <subfield code="x">Historia</subfield>
    <subfield code="y">Siglo XX</subfield>
  </datafield>
  <datafield tag="650" ind1=" " ind2="4">
    <subfield code="a">Finanzas</subfield>
    <subfield code="z">Rep&#xFA;blica Dominicana</subfield>
    <subfield code="x">Historia</subfield>
    <subfield code="y">Siglo XX</subfield>
  </datafield>
  <datafield tag="910" ind1=" " ind2=" ">
    <subfield code="a">VMateo </subfield>
  </datafield>
  <datafield tag="942" ind1=" " ind2=" ">
    <subfield code="2">ddc</subfield>
    <subfield code="c">BK</subfield>
  </datafield>
  <datafield tag="952" ind1=" " ind2=" ">
    <subfield code="0">0</subfield>
    <subfield code="1">0</subfield>
    <subfield code="2">ddc</subfield>
    <subfield code="4">0</subfield>
    <subfield code="7">0</subfield>
    <subfield code="8">CD</subfield>
    <subfield code="a">BPMET</subfield>
    <subfield code="b">BPMET</subfield>
    <subfield code="d">2022-04-01</subfield>
    <subfield code="l">0</subfield>
    <subfield code="o">BPMSU CD 332.1207293 M938p 1989</subfield>
    <subfield code="p">BPMSU22040004</subfield>
    <subfield code="r">2022-04-01</subfield>
    <subfield code="t"> </subfield>
    <subfield code="w">2022-04-01</subfield>
    <subfield code="y">BK</subfield>
  </datafield>
  <datafield tag="999" ind1=" " ind2=" ">
    <subfield code="c">14137</subfield>
    <subfield code="d">14137</subfield>
  </datafield>
</record>
